| 000 | 01377nam a22003855a 4500 | ||
|---|---|---|---|
| 003 | EG-ScBUE | ||
| 005 | 20220918104033.0 | ||
| 008 | 150827s2002 ko a f 000 0 eng d | ||
| 020 | _a8987223574 (v.1) | ||
| 020 | _a9788987223575 (v.1) | ||
| 020 | _a9788987223582 (v.2) | ||
| 020 | _a8987223582 (v.2) | ||
| 020 | _a8987223590 (v.3) | ||
| 020 | _a9788987223605 (v.4) | ||
| 020 | _a8987223604 (v.4) | ||
| 020 | _a8987223605 (v.5) | ||
| 040 |
_aEG-ScBuE _beng _erda _cEG-ScBuE _dEG-ScBUE |
||
| 082 | 0 | 4 |
_a711.409519 _bURB _222 |
| 245 | 0 | 0 | _aUrban environment design. |
| 264 | 1 |
_aSeoul, Korea : _bArchiworld, _c2002. |
|
| 300 |
_a5 volumes : _bcolor illustrations ; _c31 cm |
||
| 336 |
_2rdacontent _atext _btxt |
||
| 337 |
_2rdamedia _aunmediated _bn |
||
| 338 |
_2rdacarrier _avolume _bnc |
||
| 505 | _tDesign 1. Apartment -- Design 2. Park -- Design 3. Office / Station / Sports facilities -- Design 4. Exhibition / Education / Government facilities -- Design 5. Commercial facilities / Airport/ Bridge/ Street .Plaza. | ||
| 546 | _aText in Korean and English. | ||
| 590 | _ayassmeen ashraf | ||
| 650 | 7 |
_aPublic spaces. _2BUEsh _924257 |
|
| 650 | 7 |
_aUrban landscape architecture. _2BUEsh _911691 |
|
| 650 | 7 |
_aLandscape design. _2BUEsh |
|
| 651 | _2BUEsh | ||
| 653 |
_bENGGEN _cAugust2015 |
||
| 655 |
_vReading book _934232 |
||
| 942 |
_cBB _k711.409519 URB _2ddc |
||
| 999 |
_c3035 _d3035 |
||